000 00472nam a2200193Ia 4500
005 20240823051455.0
008 240823s9999||||xx |||||||||||||| ||und||
020 _a978-81-259-4965-7
041 _aENGLISH
082 _A670.423 Q2
100 _aGowri S
245 0 _aEngineering Practices Lab Manual
250 _a5th
260 _c2012
_bVikas Publishing
500 _aTRANSFERED
650 _aLab Manual
_bMechanical
700 _a Jeyapoovan T
942 _cBK
999 _c219671
_d219671